| LEADER |
01564nam0a2200241 450 |
| 001 |
16799898 |
| 010 |
|
|
|a 2-207-25340-6
|b br.
|d 23
|
| 100 |
|
|
|a 20021223d2002 u u0frey01 ba
|
| 101 |
0 |
|
|a fre
|
| 102 |
|
|
|a FR
|
| 200 |
0 |
|
|a Dan Yack
|f Blaise Cendrars
|g textes présentés et annotés par Claude Leroy
|
| 207 |
|
1 |
|a
|
| 210 |
|
|
|c Denoel
|d 2002
|
| 215 |
|
|
|a XXXI-332 p.
|c ill., jaquette ill.
|d 21 cm
|
| 225 |
1 |
|
|a Tout autour d'aujourd'hui
|v 4
|
| 300 |
|
|
|a Bibliogr. p. 323-328
|
| 330 |
|
|
|a Dan Yack commence comme une parabole et s'achève comme un lamento. Le Plan de l'Aiguille et Les Confessions de Dan Yack appartiennent-ils bien au même univers romanesque ? Ce livre de dissonances vire sans cesse du burlesque au tragique, de la violence au rire, du drame à la pantomime. Quant à Dan Yack, ce milliardaire anglais au nom bizarre, il échappe à la saisie. D'abord présenté à la manière de Charlot, il resurgit sous les traits d'un héros en proie au mal du siècle. Dans le tourbillon des aventures qui l'emportent à travers le monde, une question pourtant ne le quitte pas : est-il possible de changer sa vie ? Et à quel prix ? Dan Yack reste le plus secret des grands romans de Cendrars, celui qui touche au plus brûlant, au plus intime.
|
| 461 |
|
0 |
|t Tout autour d'aujourd'hui
|v 4
|
| 700 |
|
0 |
|a Cendrars
|b Blaise
|f 1887-1961
|4 70
|
| 702 |
|
0 |
|a Leroy
|b Claude
|f 1942-....
|4 340
|
| 900 |
|
|
|a Roman
|
| 901 |
|
|
|a Réserve
|
| 995 |
|
|
|a Bibliothèque
|c Bibliothèque
|f 024008626
|h 024008626
|k R CEN
|o p
|q a
|r az
|u Vérifier la pastille sur la cote
|e Bibliothèque
|